| 000 | 01024nam a22003850a 4500 | ||
|---|---|---|---|
| 001 | PT43579 | ||
| 003 | AR-LpoUNG | ||
| 005 | 20210131231000.0 | ||
| 008 | 191001s2010||||ag |||||||||||||||||spa d | ||
| 020 |
_a9789507868122 _c$11.50 |
||
| 040 |
_aAR-LpoUNG _bspa _cAR-LpoUNG _eaacr |
||
| 041 | _aspa | ||
| 044 | _aag | ||
| 082 | 0 | _a982.067 915des | |
| 100 | 1 |
_aCrenzel, Emilio _ecoor. |
|
| 245 | 1 | 4 |
_aLos desaparecidos en la Argentina : _bmemorias, representaciones e ideas (1983-2008) |
| 250 | _a1ยช ed. | ||
| 260 |
_aBuenos Aires : _bBiblos, _c2010. |
||
| 300 |
_a271 p. : _bil., fot. |
||
| 650 | 4 | _aANALISIS HISTORICO | |
| 650 | 4 | _aANALISIS SOCIOLOGICO | |
| 650 | 4 | _aARGENTINA | |
| 650 | 4 | _aCULTURA | |
| 650 | 4 | _aDEMOCRACIA | |
| 650 | 4 | _aINDUSTRIA CINEMATOGRAFICA | |
| 650 | 4 | _aLITERATURA | |
| 650 | 4 | _aMEDIOS DE COMUNICACION DE MASAS | |
| 650 | 4 | _aPELICULAS | |
| 650 | 4 | _aPOLITICA | |
| 650 | 4 | _aTEATRO | |
| 651 | 4 | _aArgentina | |
| 653 | _aMEMORIA COLECTIVA | ||
| 905 | _a43579 | ||
| 942 | _cLIB | ||
| 999 |
_c7309 _d7309 |
||